000 01370nam a2200181 i 4500
001 171961
003 ES-MaACL
005 20230929062538.0
008 090609s1879 sp |||| | spa d
080 _a821.134.2
110 2 _aReal Academia Española
_96336
245 1 0 _aDiscursos leídos ante la Real Academia Española,
_f1879 /
_cReal Academia Española.
260 _aMadrid :
_b[s.n.],
_c1879 (
_fImp. M. Tello)
300 _a1 v. ;
_c25 cm.
505 8 _aContiene: Oración fúnebre en las honras de Miguel de Cervantes / Narciso Martínez Izquierdo (47 p.). La concordanci lógica del pensamiento con su expresión / Tomás de Corral y Oña (71 p.). Contestación / Tomás Rodríguez Rubí (p. 75-94). Elogio de Andrés Bello / Manuel Cañete (43 p.). La moral en los dramas de Calderón / Mariano Catalina (60 p.). Contestación / Aureliano Fernández-Guerra y Orbe (p. 62-80). Poesía mística en España / Marcelino Menéndez y Pelayo (64 p.). Contestación / Juan Valera (p. 65-116). El laconismo en el lenguaje / Pedro de Madrazo (42 p.). Contestación / Marqués de Molins (p. 45-69). Resumen de las actas de la Real Academia Española, año 1881 / Manuel Tamayo y Baus. (31 p.). Apéndice: libros y objetos de arte adquiridos desde julio de 1876 a noviembre de 1881.
852 _aES-MaACL
_jK-144
_z- Enc. pasta española
999 _c171961
_d171961